Normal view
MARC view
Entry Personal Name
001 - CONTROL NUMBER
- control field: 1234619
003 - CONTROL NUMBER IDENTIFIER
- control field: OSt
005 - DATE AND TIME OF LATEST TRANSACTION
- control field: 20260410113609.0
008 - FIXED-LENGTH DATA ELEMENTS
- fixed length control field: 260410|| aca||aabn | a|a d
040 ## - CATALOGING SOURCE
- Original cataloging agency: OSt
- Transcribing agency: OSt
100 ## - HEADING--PERSONAL NAME
- Personal name: सक्सेना 'ऋषि', अभिषेक
670 ## - SOURCE DATA FOUND
- Source citation: Work cat.: (OSt)1466938: शिरीष, उर्मिला 861993, चीख , 2015.
